000 00663nam a2200205 i 4500
001 99277
003 ES-MaACL
005 20250822084627.0
007 t|
008 050906s1978 sp ||||1| spa d
100 1 _aMartín Martín, Aurora.
_977555
245 1 0 _aComunicación audiovisual y educación /
_cAurora Martín Martín y Soledad Guardia González.
260 _aSalamanca :
_bAnaya,
_c1978.
300 _a47 p. ;
_c21 cm.
490 1 _aTemas monográficos de educación
700 1 _aGuardia González, Soledad.
_960310
830 0 0 _aTemas monográficos de educación
_9181912
852 _aES-MaACL
_j2108-F-5
_bR.98818
999 _c99277
_d99277